000
00268nam a2200097Ia 4500
008
201216s9999 xx 000 0 und d
100
_a
Adams, Sexton ; Griffin, Adelaide
245
0
_a
Modern Personnel Management
260
_a
London
_b
Gulf Publishing Company
300
_a
350
999
_c
6034
_d
6034